000 00263nam a22001217a 4500
008 180122b xxu||||| |||| 00| 0 eng d
041 _aeng
080 _a32
100 _a22
101 _aPOL
245 _aTEN LOST YEARS 1929-1939
_cBARRY.B
942 _2udc
_cBK
999 _c40678
_d40678